Sports Quiz

Random Sports or Hockey Quiz

Sporting Nicknames - Old Timers Quiz Stats

 Plays Quiz Updated Jul 11, 2019

Score 0/20 Timer 03:00
0 Plays Today
Question Answer Wrong Answers
'______' Hank Aaron Hammerin'
95%
Drillin'
1.6%
Screwin'
1.1%
Sawin'
1.4%
Oscar Robertson - 'The_____' Big O
93.9%
O
0.5%
O
0.7%
O
1.2%
Wilt 'The ____' Chamberlain Stilt
93.2%
Quilt
1.3%
Spilt
1.1%
Kilt
1.4%
Harold 'Red' Grange - The Galloping _____ Ghost
92.7%
Frankenstein
2.4%
Vampire
2.1%
Mummy
2.1%
Ty Cobb - 'The Georgia _____' Peach
91.1%
Banana
0.5%
Pepper
2.2%
Lemon
1.4%
'_____' Joe Frazier Smokin'
88.7%
Gamblin'
4.8%
Eatin'
2.7%
Drinkin'
1.8%
George Halas - '_____' Papa Bear
88.2%
Mama Bear
1.3%
Goldilocks
3.4%
Baby Bear
4.1%
'_____' Pete Maravich Pistol
87%
Bazooka
3.4%
Shotgun
3.7%
Rifle
2.3%
Earl 'The _____' Monroe Pearl
85.6%
Diamond
7.3%
Ruby
2.2%
Sapphire
1.8%
'_____' Mike Ditka Iron
85.2%
Wheelbarrow
3.2%
Shoe
3.9%
Cannon
3.9%
Joe Dimaggio - 'The Yankee _____' Clipper
69.6%
Razor
11%
Comb
2.2%
Scissors
15.9%
Darryl Dawkins - 'Chocolate _____' Thunder
66.8%
Avalanche
2.1%
Heat
6.1%
Lightning
18.1%
Eugene '_____' Morris Mercury
64.4%
Iron
14%
Gold
7%
Titanium
6.5%
George Gervin - 'The _____' Iceman
64%
Cyclops
5.1%
Beast
14.6%
Archangel
11.1%
Harold '_____' Traynor Pi
63.2%
Beta
14.1%
Psi
9.9%
Mu
6.3%
Joe Louis - 'The _____ Bomber' Brown
61.7%
Black
20.2%
Blue
10.1%
Red
2.7%
Mordecai '_____' Brown 3 Finger
60%
1 Finger
5.5%
2 Finger
12%
4 Finger
17.8%
Gale Sayers - 'The _____ Comet' Kansas
54%
Colorado
17.1%
Connecticut
6.4%
Kentucky
21.1%
Bobby Hull - 'The Golden _____' Jet
43.7%
Boat
1.1%
Rocket
46.1%
Train
5.9%
David Thompson - '_____' Skywalker
41.6%
Chewbacca
20.9%
Lando
21.9%
Solo
12.2%

You're not logged in!

Compare scores with friends on all Sporcle quizzes.
OR
Log In

Sporcle TV

Today on Sporcle TV


Watch our educational content, quiz creation guides, and fun videos on Sporcle TV.

Show Comments

Extras

Top Quizzes Today


Score Distribution

Your Account Isn't Verified!

In order to create a playlist on Sporcle, you need to verify the email address you used during registration. Go to your Sporcle Settings to finish the process.

Report this User

Report this user for behavior that violates our Community Guidelines.

Details: